Datum a čas kvízu
11
Celkem bodů
Celkový počet nahraných bodů na tomto kvízu bez doplňovacích otázek.
9.
Pořadí na kvízu
Konečné umístění týmu na tomto kvízu.
Zaznamenané odpovědi
| # | Otázka | Odpověď | Body | Výsledky |
|---|---|---|---|---|
| 1. | V neděli byl jeden rychlík Čes... | D | 0 | |
| 2. | Minulý týden se psalo o této k... | Joe Biden (manželé Bidenovi) | 0 | |
| 3. | Seriál Ordinace v růžové zahra... | Petr Rychlý | 0 | |
| 4. | Minulý týden získal jeden auto... | Umí létat. | 0 | |
| 5. | Uveďte jména vítězů mužské a ž... | Rafael Nadal, Ashleigh Bartyová | 0 | |
| 6. | Podíváme se na pět filmů, kter... | Smrt krásných srnců, Ota Pavel | 0 | |
| 7. | Špionážní thriller Tři dny Kon... | Robert Redford | 0 | |
| 8. | Animovaný film Hledá se Nemo s... | Marlin, Dory | 0.5 | |
| 9. | Následující film je z německé... | My děti ze stanice Zoo | 1 | |
| 10. | Na základě knižní předlohy spi... | ...a kde je najít, Grindelwaldovy zločiny | 0.5 |